<?xml version="1.0" encoding="UTF-8"?>
<record
    xmlns:xsi="http://www.w3.org/2001/XMLSchema-instance"
    xsi:schemaLocation="http://www.loc.gov/MARC21/slim http://www.loc.gov/standards/marcxml/schema/MARC21slim.xsd"
    xmlns="http://www.loc.gov/MARC21/slim">

  <leader>00865nam a22002297a 4500</leader>
  <datafield tag="010" ind1=" " ind2=" ">
    <subfield code="a">B-121615</subfield>
  </datafield>
  <datafield tag="020" ind1=" " ind2=" ">
    <subfield code="a">8176295876(Set)</subfield>
  </datafield>
  <datafield tag="035" ind1=" " ind2=" ">
    <subfield code="a">B-121615</subfield>
  </datafield>
  <datafield tag="037" ind1=" " ind2=" ">
    <subfield code="b">Cen Lib / Ret</subfield>
  </datafield>
  <datafield tag="040" ind1=" " ind2=" ">
    <subfield code="a">DPL</subfield>
    <subfield code="b">EN</subfield>
  </datafield>
  <datafield tag="082" ind1=" " ind2=" ">
    <subfield code="a">378.003</subfield>
    <subfield code="b">GOY</subfield>
  </datafield>
  <datafield tag="100" ind1=" " ind2=" ">
    <subfield code="a">Goel, Aruna</subfield>
  </datafield>
  <datafield tag="245" ind1=" " ind2=" ">
    <subfield code="a">Encyclopaedia of higher education in the 21st century /</subfield>
    <subfield code="c">by Aruna Goel and S. L. Goel </subfield>
  </datafield>
  <datafield tag="260" ind1=" " ind2=" ">
    <subfield code="a">Delhi</subfield>
    <subfield code="b">Deep and Deep Publication Pvt Ltd</subfield>
    <subfield code="c">2005</subfield>
  </datafield>
  <datafield tag="270" ind1=" " ind2=" ">
    <subfield code="a">WZ Plot no. 3, Gujjar Market </subfield>
    <subfield code="b">New Delhi</subfield>
    <subfield code="e">110018</subfield>
  </datafield>
  <datafield tag="300" ind1=" " ind2=" ">
    <subfield code="a">3 v. (v 2. xxxi, 542p ; v 3. 547p.)</subfield>
    <subfield code="b">24cm</subfield>
  </datafield>
  <datafield tag="505" ind1=" " ind2=" ">
    <subfield code="a">3 v. ; v 1. Organisations, administration and function (not available) ; v 2. Quality and excellence ; v 3. Extension education services </subfield>
  </datafield>
  <datafield tag="650" ind1=" " ind2=" ">
    <subfield code="a">Education, Higher --Dictionary</subfield>
  </datafield>
  <datafield tag="650" ind1=" " ind2=" ">
    <subfield code="a">Education -- Higher.</subfield>
  </datafield>
  <datafield tag="700" ind1=" " ind2=" ">
    <subfield code="a"> Goel, S. L.</subfield>
  </datafield>
  <datafield tag="942" ind1=" " ind2=" ">
    <subfield code="2">ddc</subfield>
    <subfield code="c">EN</subfield>
    <subfield code="h">378.003</subfield>
    <subfield code="m">GOY</subfield>
  </datafield>
  <datafield tag="999" ind1=" " ind2=" ">
    <subfield code="c">136413</subfield>
    <subfield code="d">136413</subfield>
  </datafield>
  <datafield tag="952" ind1=" " ind2=" ">
    <subfield code="0">0</subfield>
    <subfield code="1">0</subfield>
    <subfield code="3">v 3</subfield>
    <subfield code="4">0</subfield>
    <subfield code="7">1</subfield>
    <subfield code="8">REF</subfield>
    <subfield code="a">L</subfield>
    <subfield code="b">L</subfield>
    <subfield code="d">2016-03-01</subfield>
    <subfield code="e">Cen Lib/Ret</subfield>
    <subfield code="l">0</subfield>
    <subfield code="o">378.003 GOY</subfield>
    <subfield code="p">B-121620</subfield>
    <subfield code="r">2016-03-01 00:00:00</subfield>
    <subfield code="t">3</subfield>
    <subfield code="w">2016-03-01</subfield>
    <subfield code="y">EN</subfield>
  </datafield>
  <datafield tag="952" ind1=" " ind2=" ">
    <subfield code="0">0</subfield>
    <subfield code="1">0</subfield>
    <subfield code="3">v 2</subfield>
    <subfield code="4">0</subfield>
    <subfield code="7">1</subfield>
    <subfield code="8">REF</subfield>
    <subfield code="a">L</subfield>
    <subfield code="b">L</subfield>
    <subfield code="d">2016-03-01</subfield>
    <subfield code="e">Cen Lib/Ret</subfield>
    <subfield code="l">0</subfield>
    <subfield code="o">378.003 GOY</subfield>
    <subfield code="p">B-121615</subfield>
    <subfield code="r">2016-03-01 00:00:00</subfield>
    <subfield code="t">2</subfield>
    <subfield code="w">2016-07-27</subfield>
    <subfield code="y">EN</subfield>
  </datafield>
</record>
